| 000 | 00347nam a2200145 i 4500 | ||
|---|---|---|---|
| 001 | bg | ||
| 100 | 1 |
_aChmielewski, Tadeusz _d(1941- ). |
|
| 245 | 0 |
_aStructural static analysis / _cT. Chmielewski. |
|
| 260 |
_aOpole, _c1987. |
||
| 040 | _cBPK | ||
| 041 | _apol | ||
| 080 | _a624(065.8) | ||
| 942 | _cKS | ||
| 008 | s pl f |000 0 pol | ||
| 999 |
_c3557 _d3557 |
||
| 856 |
_uhttp://koha.tu.koszalin.pl/cgi-bin/koha/opac-detail.pl?biblionumber=3557 _yKatalog online BPK |
||